000 00684nam a2200289Ia 4500
005 20260324150056.0
008 008 260324s9999 xx 000 0 eng d
020 _a9781003459538
037 _aEBOOK
040 _aCRL
040 _beng
040 _cCRL
041 _2eng
041 _aeng
084 _qCRL
100 _aLeszek KosiƄski; R.M. Prothero
_91225180
245 0 _aPeople on the Move
245 0 _bStudies on Internal Migration
260 _bTaylor and Francis
260 _c1974
365 _a
365 _b145
856 _uhttp://www.taylorfrancis.com/books/9781003459538
942 _cEBOOK
999 _c1834019
_d1834019